|
|
|
|
| LEADER |
00000cam a2200000 7i4500 |
| 001 |
0000003231 |
| 005 |
20050323.0 |
| 020 |
0 |
0 |
|a 9839269259
|
| 090 |
0 |
0 |
|a 634.985951
|b SAH
|
| 100 |
0 |
0 |
|a Sharudin Hj. Ahmad
|
| 245 |
0 |
0 |
|a Kajian mengenai kos dan prodaktiviti sistem pengusahasilan hutan paya gambut di Semenanjung Malaysia :
|b Laporan kajian di hutan simpan Sungai Karang Kompartmen 94, Kuala Selangor, Selangor
|c Shaharudin Hj. Ahmad,...[et..al]
|
| 260 |
0 |
0 |
|a Kuala Lumpur :
|b Jabatan Perhutanan Semenanjung Malaysia ,
|c 2004
|
| 300 |
|
|
|a viii, 64 p. :
|b ill ;
|c 29 cm.
|
| 650 |
0 |
0 |
|a Forest products industry
|z Malaysia
|
| 650 |
0 |
0 |
|a Forest products
|z Malaysia
|
| 650 |
0 |
0 |
|a Forests and forestry
|x Research
|
| 650 |
0 |
0 |
|a Mangrove plants
|z Malaysia
|
| 700 |
1 |
1 |
|a Azmi Hassan
|
| 700 |
1 |
1 |
|a Jalimah Suni
|
| 700 |
1 |
1 |
|a Rohadi Zakarya@Derahman
|
| 700 |
1 |
1 |
|a Zamirrullizam Ibrahim
|
| 999 |
|
|
|a 0000005956
|b Monograph
|c Open Shelf
|e Default branch
|
| 999 |
|
|
|a 0000005957
|b Monograph
|c Open Shelf
|e Default branch
|
| 999 |
|
|
|a 0000005958
|b Monograph
|c Open Shelf
|e Default branch
|
| 999 |
|
|
|a 0000005959
|b Monograph
|c Open Shelf
|e Default branch
|
| 999 |
|
|
|a 0000005960
|b Monograph
|c Open Shelf
|e Default branch
|